Забайкальский роман. Т. 5: [За хребтом Сатымара | Алданцы (Запись № 857373)

Подробности
000 -МАРКЕР
контрольное поле 01644nam2a2200301 4500
001 - ИДЕНТИФИКАТОР ЗАПИСИ
контрольное поле RU\NLR\bibl\1060198
005 - ИДЕНТИФИКАТОР ВЕРСИИ
контрольное поле 20250615040443.0
021 ## - НОМЕР ГОСУДАРСТВЕННОЙ РЕГИСТРАЦИИ
Код страны Российская Федерация
Номер 2007-6728
Номер Листа государственной регистраци 358
035 ## - ДРУГИЕ СИСТЕМНЫЕ НОМЕРА
Идентификатор записи (NLR Aleph) 001047473
100 ## - ДАННЫЕ ОБЩЕЙ ОБРАБОТКИ
Данные общей обработки 20070316d2006 |||y0rusy50 ca
101 0# - ЯЗЫК РЕСУРСА
Язык текста, звукозаписи и т.д. русский
102 ## - СТРАНА ПУБЛИКАЦИИ ИЛИ ПРОИЗВОДСТВА
Страна публикации Российская Федерация
105 ## - ПОЛЕ КОДИРОВАННЫХ ДАННЫХ: ТЕКСТОВЫЕ МАТЕРИАЛЫ, МОНОГРАФИЧЕСКИЕ
Кодированные данные о монографическом текстовом документе c |||||||||
200 1# - ЗАГЛАВИЕ И СВЕДЕНИЯ ОБ ОТВЕТСТВЕННОСТИ
Основное заглавие [За хребтом Сатымара
-- Алданцы
Первые сведения об ответственности Геннадий Донец
210 ## - ПУБЛИКАЦИЯ, РАСПРОСТРАНЕНИЕ И ДР.
Дата издания, распространения и т.д. 2006
Место издания, распространения и т.д. Б. м.
215 ## - ФИЗИЧЕСКАЯ ХАРАКТЕРИСТИКА
Специфическое обозначение материала и объем 941 с.
Другие сведения о физической характеристике портр.
423 #0 - ИЗДАЕТСЯ В ОДНОЙ ОБЛОЖКЕ ВМЕСТЕ С ...
Встроенное поле 2001#$aДолина бессмертников$aИнспектор Золотой тайги$fВладимир Митыпов]
-- 700#1$aМитыпов$bВ.$gВладимир$4070
-- 210##$aУлан-Удэ$d2006
-- 215##$aС. 513-940
Заглавие Инспектор Золотой тайги
Автор Митыпов, Владимир
461 #0 - УРОВЕНЬ НАБОРА
Встроенное поле 001RU\NLR\bibl\1063819
-- 2001#$aЗабайкальский роман$vТ. 5
Системный номер (АБИС) связанной записи 878957
Место публикации Улан-Удэ
Дата публикации 2006
Первые сведения об ответственности Проект ООО "Имени Гомбожаба Цыбикова и Жамсо Тумунова"
Имя издателя, распространителя и т.д. Республиканская типография
Сведения, относящиеся к заглавию [произведения ведущих прозаиков Читинской области и Агинского Бурятского автономного округа] : в 5 т.
Заглавие Забайкальский роман
Номер тома Т. 5
686 ## - ИНДЕКСЫ ДРУГИХ КЛАССИФИКАЦИЙ
Индекс Ш6(2=Р)75-440.4
686 ## - ИНДЕКСЫ ДРУГИХ КЛАССИФИКАЦИЙ
Индекс Ш6(2=Бу)7-4{Лх-бурят.240-45}Митыпов
701 #1 - ИМЯ ЛИЦА - АЛЬТЕРНАТИВНАЯ ОТВЕТСТВЕННОСТЬ
Начальный элемент ввода Донец
Часть имени, кроме начального элемента ввода Г.
Расширение инициалов личного имени Геннадий
Код отношения Автор
801 #0 - ИСТОЧНИК ЗАПИСИ
Страна Российская Федерация
Организация NLR
Дата составления 20070316
Правила каталогизации RCR
801 #1 - ИСТОЧНИК ЗАПИСИ
Страна Российская Федерация
Организация NLR
Дата составления 20070316
942 ## - ДОПОЛНИТЕЛЬНЫЕ ЭЛЕМЕНТЫ ЗАПИСИ (АБИС)
Тип экземпляра АБИС Книга
980 ## - КОЛЛЕКЦИЯ
Название коллекции Национальная библиография
Экземпляры
Тип экземпляра Дата поступления Источник поступления Библиотека постоянного хранения Библиотека текущего хранения Место хранения Шифр хранения Штрих-код Статус экземпляра
Книга 16.03.2007 Обязательный экземпляр РНБ (Московский) РНБ (Московский) Русский книжный фонд: издания с 1957 года 2007-3/8352 2388578  
Книга 16.03.2007 Обязательный экземпляр РНБ (Московский) РНБ (Московский) Русский книжный фонд: издания с 1957 года 2007-3/8352 2388580